Teoría de la legislación universal según, Jeremias Bentham
Guardat en:
| Autor principal: | |
|---|---|
| Altres autors: | , |
| Format: | Llibre |
| Idioma: | anglès |
| Publicat: |
Valparaíso, Chile:
Pontificia Universidad de Valparaíso. Facultad de Derecho; Ediciones Universitarias de Valparaíso,
2021
|
| Edició: | Primera edición. |
| Col·lecció: | Colección Legal. Serie Monografías y Escritos Reunidos
|
| Matèries: | |
| Etiquetes: |
Afegir etiqueta
Sense etiquetes, Sigues el primer a etiquetar aquest registre!
|
MARC
| LEADER | 00000nam a22000007a 4500 | ||
|---|---|---|---|
| 003 | CL-VaPUC | ||
| 005 | 20220607105009.0 | ||
| 008 | 210803b2021 ||||| |||| 00| 0 eng d | ||
| 999 | |c 433406 |d 433404 | ||
| 020 | |a 978-956-17-0925-6 | ||
| 040 | |c Pontificia Universidad Católica de Valparaíso | ||
| 082 | |a 340.1 BEL 2021 | ||
| 100 | 1 | |a Bello, Andrés |9 862365 | |
| 245 | |a Teoría de la legislación universal según, Jeremias Bentham | ||
| 250 | |a Primera edición. | ||
| 260 | |a Valparaíso, Chile: |b Pontificia Universidad de Valparaíso. Facultad de Derecho; |b Ediciones Universitarias de Valparaíso, |c 2021 | ||
| 300 | |a 324 páginas | ||
| 490 | |a Colección Legal. Serie Monografías y Escritos Reunidos | ||
| 500 | |a Donación John Charney Berdichewky 27/7/2021 c.3 Donacion Ediciones Universitarias. 04/05/2022 | ||
| 583 | |c 20210803 |k Cristina Rojas | ||
| 600 | |a Bentham, Jeremias |d 1748-1832 |x Jurisprudencia |x Filosofía |9 862458 | ||
| 600 | 0 | |a Bello, Andrés, |d 1781-1865 |t Curso de Teoría de la legislación universal |9 545824 | |
| 650 | 0 | |a Legislación universal |9 862457 |x Teoría | |
| 700 | |a Vicencio Eyzaguirre, Felipe |e edición, estudio preliminar y notas |9 862366 | ||
| 700 | |a Guzmán Brito, Alejandro Ángel |e prólogo |9 862367 | ||
| 942 | |2 ddc |c BK | ||
| 952 | |0 0 |1 0 |2 ddc |4 0 |6 340_100000000000000_BEL_2021 |7 0 |8 A |9 578539 |a BIBDER |b BIBDER |d 2021-08-03 |i 5623138 |l 1 |m 2 |o 340.1 BEL 2021 |p 5623138 |q 2025-12-31 |r 2022-05-11 |s 2022-05-11 |t 1 |w 2021-08-03 |y BK |k DER | ||
| 952 | |0 0 |1 0 |2 ddc |4 0 |6 340_100000000000000_BEL_2021 |7 1 |8 C_LRYV |9 578540 |a BIBDER |b BIBDER |d 2021-08-03 |i 5623146 |o 340.1 BEL 2021 |p 5623146 |r 2023-01-25 |t 2 |w 2021-08-03 |y BK_X |k BRV | ||
| 952 | |0 0 |1 0 |2 ddc |4 0 |6 340_100000000000000_BEL_2021 |7 0 |8 A |9 583478 |a BIBDER |b BIBDER |d 2022-06-07 |e Donación |i 5651608 |o 340.1 BEL 2021 |p 5651608 |r 2025-01-15 |t 3 |w 2022-06-07 |y BK |k DER | ||